LIBRARY & INFORMATION CENTRE, KCAET, TAVANUR

ONLINE PUBLIC ACCESS CATALOGUE (OPAC)

Trignometry : Main for three year degree course / (Record no. 250)

MARC details
000 -LEADER
fixed length control field 00502cam a2200193ua 4500
041 ## - LANGUAGE CODE
Language code of text/sound track or separate title eng
082 ## - DEWEY DECIMAL CLASSIFICATION NUMBER
Classification number 516.24
Item number KRI/TR
100 ## - MAIN ENTRY--AUTHOR NAME
Personal name Krishnamurthy, V.
245 ## - TITLE STATEMENT
Title Trignometry : Main for three year degree course /
250 ## - EDITION STATEMENT
Edition statement 3 /
260 ## - PUBLICATION, DISTRIBUTION, ETC. (IMPRINT)
Place of publication Chennai :
Name of publisher The National Publishing Co ,
Year of publication 1965.
300 ## - PHYSICAL DESCRIPTION
Number of Pages 253 ; .
942 ## - ADDED ENTRY ELEMENTS (KOHA)
Koha item type Books
Holdings
Withdrawn status Lost status Damaged status Home library Current library Date acquired Cost, normal purchase price Full call number Accession Number Koha item type
Withdrawn     KAUAET KAUAET 07/04/2012 4.50 516.24 KRI/TR 7766 Books
Withdrawn     KAUAET KAUAET 07/04/2012 4.50 516.24 KRI/TR 7767 Books
Withdrawn Lost and Paid For   KAUAET KAUAET 16/07/2020 4.50 516.24 KRI/TR 7763 Books
Withdrawn     KAUAET KAUAET 16/07/2020 4.50 516.24 KRI/TR 7764 Books
Withdrawn Lost and Paid For   KAUAET KAUAET 16/07/2020 4.50 516.24 KRI/TR 7768 Books
free website counter